Science - Physics | 1 | 6 | 2 | 1 | 65 | 68 | 89.57 | 4 | 7 |
History - World History | 2 | 3 | 1 | 0 | 55 | 35 | 82.00 | 4 | 5 |
History - European History | 1 | 3 | 0 | 0 | 45 | 65 | 95.75 | 3 | 4 |
Other Science: Math | 2 | 1 | 0 | 0 | 40 | 22 | 68.33 | 3 | 3 |
Beliefs | 2 | 1 | 1 | 1 | 35 | 39 | 71.33 | 2 | 3 |
Current Events | 1 | 1 | 0 | 0 | 25 | 46 | 82.00 | 2 | 2 |
British and Commonwealth History | 1 | 1 | 0 | 0 | 25 | 39 | 76.00 | 2 | 2 |
Ancient History and Archaeology | 1 | 1 | 0 | 0 | 25 | 60 | 78.00 | 2 | 2 |
Geography | 0 | 2 | 0 | 0 | 20 | 85 | 96.00 | 0 | 2 |
Other Science: Computer Science | 0 | 2 | 0 | 0 | 20 | 112 | 114.50 | 1 | 2 |
Other Arts: Auditory | 0 | 1 | 0 | 0 | 10 | 82 | 82.00 | 0 | 1 |
Other Arts: Visual | 0 | 1 | 0 | 0 | 10 | 93 | 93.00 | 1 | 1 |
Other Science: Earth Science | 0 | 1 | 0 | 0 | 10 | 94 | 94.00 | 0 | 1 |
Science - Chemistry | 0 | 1 | 0 | 0 | 10 | 83 | 83.00 | 0 | 1 |
Social Science | 0 | 1 | 0 | 0 | 10 | 87 | 87.00 | 1 | 1 |
World and Other Literature | 0 | 1 | 1 | 0 | 5 | 118 | 118.00 | 1 | 1 |
History - American History | 0 | 1 | 1 | 0 | 5 | 78 | 78.00 | 0 | 1 |